[Event "Criciuma op-A"]
[Site "Criciuma"]
[Date "2024.01.18"]
[Round "9"]
[White "Duarte Napoles, Fanny"]
[Black "Labussiere, Yago"]
[Result "1/2-1/2"]
[WhiteElo "2220"]
[BlackElo "2167"]
[PlyCount "203"]
[EventDate "2024.01.12"]
[EventType "swiss"]
[EventRounds "9"]
[EventCountry "BRA"]
[SourceTitle "CB04_2024"]
[SourceDate "2023.10.16"]
[SourceVersion "1"]
[SourceVersionDate "2023.10.16"]
[SourceQuality "1"]

1. d4 d5 2. c4 dxc4 3. Nf3 Nf6 4. e3 e6 5. Bxc4 c5 6. 0-0 a6 7. Qe2 b5 8. Bd3 Nbd7 9. a4 b4 10. Nbd2 Bb7 11. a5 Be7 12. Nc4 0-0 13. Rd1 Qc7 14. b3 cxd4 15. Nxd4 Nc5 16. Bc2 Nce4 17. Bb2 Nc3 18. Bxc3 bxc3 19. Ra4 Nd5 20. Qd3 g6 21. e4 Nf4 22. Qf3 Rad8 23. Nb6 Qe5 24. Nc4 Qc7 25. Nb6 Bc5 26. Rc4 Qe5 27. Ne2 Rxd1+ 28. Bxd1 Nxe2+ 29. Bxe2 Rd8 30. Qxc3 Bd4 31. Qc1 Bxe4 32. Rc8 Rxc8 33. Qxc8+ Kg7 34. Nd7 Qd6 35. Bf3 Qb4 36. Kf1 Bxf3 37. gxf3 g5 38. Qxa6 Qxb3 39. Qd6 Qc4+ 40. Kg2 Kg6 41. Ne5+ Bxe5 42. Qxe5 Qa6 43. Qc5 Qa8 44. h3 h5 45. Qb4 f5 46. Qa4 g4 47. hxg4 hxg4 48. Qa3 gxf3+ 49. Qxf3 Qxa5 50. Qg3+ Kf7 51. Qb8 Qd5+ 52. Kg1 Kg6 53. Qg8+ Kh5 54. Qh7+ Kg4 55. Qg6+ Kf3 56. Qg3+ Ke2 57. Qe3+ Kd1 58. Qc3 Qe4 59. Qa1+ Kd2 60. Qa5+ Kd3 61. Qa3+ Kc4 62. Qa4+ Kd5 63. Qb5+ Kd6 64. Qb6+ Qc6 65. Qd4+ Qd5 66. Qb6+ Ke7 67. Qc7+ Qd7 68. Qc5+ Qd6 69. Qc1 f4 70. Qc2 Kf6 71. Qc3+ Kf5 72. Qh3+ Kg5 73. Qg2+ Kf5 74. Qh3+ Ke4 75. Qh7+ Kd4 76. Qa7+ Qc5 77. Qd7+ Ke5 78. Qg7+ Kd5 79. Qg5+ e5 80. Qg8+ Kd4 81. Qd8+ Kc4 82. Qg8+ Kc3 83. Qa8 Qb4 84. Qa1+ Qb2 85. Qa5+ Kc4 86. Qa6+ Qb5 87. Qe6+ Kd3 88. Qf5+ Kd2 89. Qe4 Qc5 90. Qa4 Qc3 91. Qa2+ Ke1 92. Qb1+ Ke2 93. Qe4+ Kd2 94. Qd5+ Kc1 95. Qa8 f3 96. Qe4 Kd2 97. Qd5+ Qd3 98. Qa2+ Qc2 99. Qd5+ Qd3 100. Qa2+ Kd1 101. Qa1+ Kd2 102. Qa2+ 1/2-1/2

[Event "Criciuma op-A"]
[Site "Criciuma"]
[Date "2024.01.16"]
[Round "7"]
[White "De Oliveira, Jairo Quintiliano"]
[Black "Duarte Napoles, Fanny"]
[Result "0-1"]
[WhiteElo "1840"]
[BlackElo "2220"]
[PlyCount "78"]
[EventDate "2024.01.12"]
[EventType "swiss"]
[EventRounds "9"]
[EventCountry "BRA"]
[SourceTitle "CB04_2024"]
[SourceDate "2023.10.16"]
[SourceVersion "1"]
[SourceVersionDate "2023.10.16"]
[SourceQuality "1"]

1. d4 Nf6 2. Nf3 d5 3. c4 e6 4. Nc3 dxc4 5. Bg5 Bb4 6. e3 b5 7. Be2 Bb7 8. 0-0 a6 9. a4 Bxc3 10. bxc3 Qd5 11. Bf4 Qc6 12. Qc2 Nbd7 13. Rfb1 0-0 14. Bf1 Qe4 15. Qc1 Qg6 16. Nd2 Bc6 17. Bxc7 Rac8 18. Bd6 Rfe8 19. axb5 axb5 20. Ra6 e5 21. Rba1 Ng4 22. Bb4 exd4 23. cxd4 Qf5 24. Qe1 Ngf6 25. Qb1 Qg5 26. Bd6 c3 27. Nb3 Be4 28. Qe1 Nd5 29. Bg3 Nb4 30. R6a5 Nc2 31. Rxb5 Qe7 32. Qc1 Nxa1 33. Nxa1 Nf6 34. f3 Bc6 35. Re5 Qb4 36. Rxe8+ Bxe8 37. e4 Qxd4+ 38. Bf2 Qd2 39. Nb3 Qb2 0-1

[Event "Florianopolis 6th"]
[Site "Florianopolis"]
[Date "2023.11.19"]
[Round "4"]
[White "Cuenca Jimenez, Jose Fernando"]
[Black "Duarte Napoles, Fanny"]
[Result "1-0"]
[WhiteElo "2505"]
[BlackElo "2213"]
[PlyCount "147"]
[EventDate "2023.11.17"]
[EventType "tourn"]
[EventRounds "9"]
[EventCountry "BRA"]
[SourceTitle "CB49_2023"]
[SourceDate "2023.12.06"]
[SourceVersion "1"]
[SourceVersionDate "2023.12.06"]
[SourceQuality "1"]

1. d4 d5 2. c4 c6 3. Nf3 Nf6 4. e3 Bf5 5. Nc3 e6 6. Bd3 Bxd3 7. Qxd3 Bb4 8. Bd2 0-0 9. 0-0 a5 10. a3 Bxc3 11. Bxc3 Nbd7 12. a4 Ne4 13. Nd2 Nxd2 14. Bxd2 Nf6 15. Rfd1 Qe7 16. Bc3 Ne4 17. Be1 f5 18. f3 Nd6 19. b3 g5 20. Ra2 Rf7 21. Re2 Qd7 22. c5 Ne8 23. Bg3 f4 24. Bf2 Ng7 25. Rde1 Raf8 26. exf4 gxf4 27. Re5 Rf5 28. R1e2 R8f6 29. Rxf5 Nxf5 30. Qd2 Qc7 31. Qe1 Kf7 32. Re5 b6 33. cxb6 Qxb6 34. Qc3 Rg6 35. Re1 Qa6 36. Qd2 Qb6 37. Qxf4 Qxb3 38. Qc7+ Ne7 39. Bh4 Qb4 40. Rd1 Rg8 41. Bxe7 Qxe7 42. Qxa5 Rb8 43. Qd2 Qb4 44. Qc2 Rb6 45. Qxh7+ Kf6 46. Qh4+ Kf7 47. Qf4+ Ke8 48. Qe3 Kd7 49. Re1 Kc7 50. h4 Qxa4 51. h5 Rb2 52. Qf4+ Kb7 53. Rxe6 Qc2 54. Qg3 Qd2 55. Re1 Qxd4+ 56. Kh2 Qf6 57. Qg4 Qd6+ 58. f4 Rb4 59. Rf1 d4 60. Qg7+ Kb6 61. Qe5 Qd8 62. Qg5 Qxg5 63. fxg5 Rb5 64. g4 Rxg5 65. Kg3 c5 66. h6 Rg8 67. h7 Rh8 68. Rh1 d3 69. g5 c4 70. g6 c3 71. g7 Rxh7 72. Rxh7 d2 73. g8Q d1Q 74. Qb8+ 1-0

[Event "Timbo op 3rd"]
[Site "Timbo"]
[Date "2023.11.04"]
[Round "4"]
[White "Duarte Napoles, Fanny"]
[Black "Hessmann, Eduardo Franzoni"]
[Result "1-0"]
[WhiteElo "2213"]
[BlackElo "1537"]
[PlyCount "85"]
[EventDate "2023.11.03"]
[EventType "swiss"]
[EventRounds "6"]
[EventCountry "BRA"]
[SourceTitle "CB49_2023"]
[SourceDate "2023.12.06"]
[SourceVersion "1"]
[SourceVersionDate "2023.12.06"]
[SourceQuality "1"]

1. d4 Nf6 2. Bg5 g6 3. Nc3 d5 4. Qd2 Bg7 5. Bh6 0-0 6. h4 c6 7. h5 Bxh6 8. Qxh6 Ng4 9. Qd2 e5 10. dxe5 Nxe5 11. e4 dxe4 12. Qf4 Qe7 13. 0-0-0 Bf5 14. Be2 Nbd7 15. g4 Be6 16. Qxe4 f5 17. gxf5 Bxf5 18. Qe3 Qc5 19. Qg3 b5 20. Rd2 Nf6 21. hxg6 hxg6 22. f4 Nc4 23. Bxc4+ Qxc4 24. Nf3 Qf7 25. Ng5 Qg7 26. Rdh2 b4 27. Ne2 Rad8 28. Qb3+ Rd5 29. Qxb4 Nh5 30. Qc4 Rb8 31. c3 Qb7 32. Nd4 Kg7 33. Nxc6 Qb5 34. Qxb5 Rbxb5 35. Nd4 Ra5 36. b4 Ra6 37. Rf1 Rf6 38. Rh4 Bd3 39. Re1 Rd7 40. Nge6+ Kf7 41. Nc5 Rxf4 42. Rxf4+ Nxf4 43. Nxd7 1-0

[Event "Guillermo Garcia Memorial op"]
[Site "Santa Clara"]
[Date "2022.05.07"]
[Round "7"]
[White "Duarte Napoles, Fanny"]
[Black "Cordon Antunez, Olga Rachel"]
[Result "0-1"]
[WhiteElo "2245"]
[BlackElo "2004"]
[PlyCount "82"]
[EventDate "2022.04.30"]
[EventType "swiss"]
[EventRounds "9"]
[EventCountry "CUB"]
[SourceTitle "CBM 208 Extra"]
[Source "ChessBase"]
[SourceDate "2022.07.31"]
[SourceVersion "1"]
[SourceVersionDate "2022.07.31"]
[SourceQuality "1"]

1. c4 Nf6 2. Nc3 e6 3. e4 d5 4. e5 d4 5. exf6 dxc3 6. bxc3 Qxf6 7. Nf3 c5 8. Bd3 Bd7 9. Be4 Bc6 10. Qe2 Bxe4 11. Qxe4 Nc6 12. 0-0 Qg6 13. Qf4 Qf6 14. Qg3 0-0-0 15. d4 h6 16. Be3 g5 17. dxc5 Qxc3 18. Rfc1 Qg7 19. h4 gxh4 20. Qxh4 Be7 21. Qh2 Bf6 22. Rab1 Qg4 23. Qf4 Qxf4 24. Bxf4 e5 25. Be3 Nd4 26. Kf1 Nf5 27. Ke2 e4 28. Nd2 Rhe8 29. Nb3 Nxe3 30. fxe3 Rg8 31. Rg1 Rg3 32. Nd2 Rd3 33. Nf1 Rg5 34. Rb3 Bc3 35. g3 Rxc5 36. Rh1 Rxc4 37. Rxh6 Ra4 38. a3 Bg7 39. Rh7 Rxb3 40. Rxg7 Rb2+ 41. Nd2 Rxa3 0-1

[Event "Guillermo Garcia Memorial op"]
[Site "Santa Clara"]
[Date "2022.05.03"]
[Round "4"]
[White "Rodriguez Dominguez, Melissa"]
[Black "Duarte Napoles, Fanny"]
[Result "1/2-1/2"]
[WhiteElo "2105"]
[BlackElo "2245"]
[PlyCount "96"]
[EventDate "2022.04.30"]
[EventType "swiss"]
[EventRounds "9"]
[EventCountry "CUB"]
[SourceTitle "CBM 208 Extra"]
[Source "ChessBase"]
[SourceDate "2022.07.31"]
[SourceVersion "1"]
[SourceVersionDate "2022.07.31"]
[SourceQuality "1"]

1. e4 e6 2. d4 d5 3. Nd2 a6 4. Ngf3 c5 5. exd5 exd5 6. Be2 Nc6 7. 0-0 Nf6 8. Re1 Be6 9. a3 h6 10. c4 cxd4 11. Nb3 d3 12. Qxd3 dxc4 13. Qxd8+ Kxd8 14. Nbd4 Bd5 15. Nxc6+ bxc6 16. Ne5 c3 17. bxc3 Bd6 18. Bf4 Kc8 19. Nxf7 Bxf4 20. Nxh8 Bd2 21. Red1 Bxc3 22. Rab1 g5 23. Ng6 Ra7 24. Bd3 a5 25. h3 a4 26. Bf5+ Kc7 27. Ne7 Ra5 28. Nxd5+ cxd5 29. Rbc1 Rc5 30. Re1 d4 31. g4 Nd5 32. Re8 Nf4 33. Rb1 Ba5 34. Rc8+ Kd6 35. Rxc5 Kxc5 36. Rb8 d3 37. Rh8 Nxh3+ 38. Kf1 Nf4 39. Rxh6 Bc3 40. Bd7 Bb2 41. Bxa4 Bxa3 42. Rf6 Kd4 43. Bd1 Nd5 44. Ra6 Bc1 45. Ra4+ Kc3 46. Ra5 Kd4 47. Ra4+ Kc3 48. Ra5 Kd4 1/2-1/2

[Event "Migoya Memorial tt"]
[Site "Camaguey"]
[Date "2018.09.23"]
[Round "2.3"]
[White "Chavez Estevez, Hayler David"]
[Black "Duarte Napoles, Fanny"]
[Result "0-1"]
[WhiteElo "2249"]
[BlackElo "2225"]
[PlyCount "126"]
[EventDate "2018.09.20"]
[EventType "team-tourn"]
[EventRounds "10"]
[EventCountry "CUB"]
[SourceTitle "EXT 2021"]
[Source "ChessBase"]
[SourceDate "2020.10.23"]
[SourceVersion "1"]
[SourceVersionDate "2020.10.23"]
[SourceQuality "1"]

1. d4 Nf6 2. c4 e6 3. g3 c5 4. d5 exd5 5. cxd5 d6 6. Nc3 g6 7. Bg2 Bg7 8. Nf3 0-0 9. 0-0 a6 10. a4 Re8 11. e3 Bg4 12. Qb3 Bxf3 13. Bxf3 b6 14. Bg2 Nbd7 15. e4 Rb8 16. Bf4 Ne5 17. Bxe5 Rxe5 18. Qc4 Qc8 19. Rfe1 Re8 20. Rac1 Qb7 21. Bf1 Ra8 22. h3 Nd7 23. f4 Reb8 24. Kh2 h5 25. Rc2 Qc7 26. Rg2 Qd8 27. Bd3 b5 28. axb5 axb5 29. Nxb5 Qa5 30. b4 cxb4 31. Nxd6 Bf8 32. Qc6 Nc5 33. Nc4 Qd8 34. d6 Nxd3 35. Rd1 Rc8 36. Qd5 Nc5 37. Ne5 Qf6 38. d7 Rd8 39. Rc1 Qe6 40. Rxc5 Bxc5 41. Qxc5 b3 42. Qc7 f6 43. Nxg6 Rxd7 44. Qc3 Kg7 45. f5 Qxe4 46. Qxb3 Qxf5 47. Nh4 Qe4 48. Qb5 Qd5 49. Qb1 Qd3 50. Qb4 Ra1 51. g4 Kh7 52. Nf5 Ra3 53. Ng3 h4 54. Qe4+ Qxe4 55. Nxe4 Rdd3 56. Rf2 Rxh3+ 57. Kg2 Rhe3 58. Nxf6+ Kg6 59. Nd7 Rg3+ 60. Kh2 Rae3 61. Rf6+ Kg7 62. Rf4 Re2+ 63. Kh1 Rd3 0-1

[Event "Guillermo Garcia Memorial op 27th"]
[Site "Santa Clara"]
[Date "2018.05.24"]
[Round "3"]
[White "Cabrera Gonzalez, Maximo Ariel"]
[Black "Duarte Napoles, Fanny"]
[Result "0-1"]
[WhiteElo "1987"]
[BlackElo "2243"]
[PlyCount "100"]
[EventDate "2018.05.22"]
[EventType "swiss"]
[EventRounds "9"]
[EventCountry "CUB"]
[SourceTitle "CBM 184 Extra"]
[Source "ChessBase"]
[SourceDate "2018.06.28"]
[SourceVersion "1"]
[SourceVersionDate "2018.06.28"]
[SourceQuality "1"]

1. e4 e6 2. d4 d5 3. Nd2 a6 4. Ngf3 Nf6 5. e5 Nfd7 6. c3 c5 7. a3 Nc6 8. b4 cxd4 9. cxd4 f6 10. exf6 Qxf6 11. Bb2 Bd6 12. Bd3 0-0 13. 0-0 Nb6 14. Qe2 Na4 15. Nb3 Nxb2 16. Qxb2 e5 17. dxe5 Nxe5 18. Nxe5 Bxe5 19. Qd2 Bxa1 20. Nxa1 Bf5 21. Be2 Rad8 22. Nb3 d4 23. Bf3 b6 24. Rc1 Rd6 25. Bb7 Be6 26. Na1 b5 27. Nc2 Bc4 28. Ne1 Qe7 29. Bf3 d3 30. Rd1 Qe5 31. h3 Rfd8 32. Bg4 g6 33. Bf3 Rf8 34. Qc1 Qf4 35. Qc3 d2 36. Nc2 Rd3 37. Qb2 Rb3 38. Qa1 Rxf3 39. gxf3 Be2 40. Ne3 Qxf3 41. Qa2+ Rf7 42. Rxd2 Qxf2+ 43. Kh1 Qxe3 44. Rxe2 Qxh3+ 45. Kg1 Qg3+ 46. Kh1 Kf8 47. Qa1 Qf3+ 48. Rg2 Qf1+ 49. Qxf1 Rxf1+ 50. Kh2 Rf3 0-1

[Event "Camajuani Guerrilleritos-A"]
[Site "Camajuani"]
[Date "2018.04.19"]
[Round "7"]
[White "Elias Reyes, Jorge Roberto"]
[Black "Duarte Napoles, Fanny"]
[Result "1-0"]
[WhiteElo "2322"]
[BlackElo "2268"]
[PlyCount "65"]
[EventDate "2018.04.16"]
[EventType "tourn"]
[EventRounds "10"]
[EventCountry "CUB"]
[EventCategory "2"]
[SourceTitle "EXT 2021"]
[Source "ChessBase"]
[SourceDate "2020.10.23"]
[SourceVersion "1"]
[SourceVersionDate "2020.10.23"]
[SourceQuality "1"]

1. Nf3 Nf6 2. c4 e6 3. g3 c5 4. Bg2 d5 5. cxd5 Nxd5 6. 0-0 Be7 7. Nc3 0-0 8. d4 Nxc3 9. bxc3 Bd7 10. Ne5 Nc6 11. Nxd7 Qxd7 12. dxc5 Qc7 13. Bf4 e5 14. Be3 Na5 15. Rb1 Rab8 16. Qa4 Rfd8 17. Rb5 Nc6 18. Rfb1 a6 19. Rb6 Rdc8 20. Bxc6 bxc6 21. Rxb8 Rxb8 22. Rxb8+ Qxb8 23. Qxc6 Qb1+ 24. Kg2 Qxa2 25. Qd7 Bf8 26. c6 Qc4 27. c7 Qe4+ 28. Kh3 Qb1 29. c8Q Qf1+ 30. Kh4 g5+ 31. Bxg5 Qxf2 32. Qxf8+ Kxf8 33. Bh6+ 1-0

[Event "Camajuani Guerrilleritos-A"]
[Site "Camajuani"]
[Date "2018.04.18"]
[Round "5"]
[White "Rodriguez Dosina, Adrian"]
[Black "Duarte Napoles, Fanny"]
[Result "1/2-1/2"]
[WhiteElo "2257"]
[BlackElo "2268"]
[PlyCount "25"]
[EventDate "2018.04.16"]
[EventType "tourn"]
[EventRounds "10"]
[EventCountry "CUB"]
[EventCategory "2"]
[SourceTitle "EXT 2021"]
[Source "ChessBase"]
[SourceDate "2020.10.23"]
[SourceVersion "1"]
[SourceVersionDate "2020.10.23"]
[SourceQuality "1"]

1. d4 Nf6 2. Bg5 d5 3. Nf3 e6 4. e3 c5 5. c4 Be7 6. cxd5 exd5 7. Nc3 0-0 8. dxc5 Qa5 9. Be2 Qxc5 10. 0-0 Nc6 11. Rc1 Qa5 12. Qa4 Qxa4 13. Nxa4 1/2-1/2

[Event "Moncada Cup-B"]
[Site "Santiago de Cuba"]
[Date "2018.03.24"]
[Round "7"]
[White "Perez Leiva, Jerzy Jesus"]
[Black "Duarte Napoles, Fanny"]
[Result "1-0"]
[WhiteElo "2260"]
[BlackElo "2270"]
[PlyCount "63"]
[EventDate "2018.03.20"]
[EventType "tourn"]
[EventRounds "10"]
[EventCountry "CUB"]
[EventCategory "1"]
[SourceTitle "EXT 2021"]
[Source "ChessBase"]
[SourceDate "2020.10.23"]
[SourceVersion "1"]
[SourceVersionDate "2020.10.23"]
[SourceQuality "1"]

1. e4 e5 2. Nf3 Nc6 3. Bb5 a6 4. Ba4 Nf6 5. 0-0 Be7 6. Re1 b5 7. Bb3 0-0 8. h3 d6 9. c3 Nb8 10. d4 Nbd7 11. Nbd2 c5 12. Nf1 Re8 13. Ng3 Bf8 14. Ng5 c4 15. Bc2 h6 16. Nf3 g6 17. a4 Rb8 18. b4 cxb3 19. Bxb3 Qc7 20. axb5 axb5 21. Nh4 d5 22. dxe5 Nxe5 23. exd5 Qxc3 24. Bf4 Bd6 25. Bxh6 Qb4 26. Bg5 Nh7 27. Re4 Qc3 28. Bd2 Qd3 29. Nxg6 Bxh3 30. Nf4 Bg4 31. Qxg4+ Nxg4 32. Nxd3 1-0